Word Ladder: There's No Quiz Like It Stats

Quiz Updated May 5, 2015

Challenge
Share
Tweet
Embed
Score 0/33 Timer 03:00
2 Plays Today
Hint Word % Correct
Detective's assignmentCASE
91.7%
❤ First, second, third or home ❤❤ BASE ❤
91.5%
Zoo enclosureCAGE
90.8%
Had onWORE
90.4%
❤ Employment ❤❤ WORK ❤
89.2%
White breakfast beverageMILK
87.5%
❤ Unwell ❤❤ SICK ❤
87.1%
Scarf fabricSILK
86.4%
Skin openingPORE
86%
DaybreakMORN
84.4%
Headphone makerBOSE
83.9%
❤ Zep legend Jimmy ❤❤ PAGE ❤
83.4%
Peel with a knifePARE
83.4%
❤ Temporarily give ❤❤ LOAN ❤
83.3%
The Green ____MILE
82.8%
Express pain or distressMOAN
82.3%
Nanu Nanu sayerMORK
81.2%
Hint Word % Correct
LeaseRENT
79.9%
Garden tunnelerMOLE
78.2%
❤ Relaxation ❤❤ REST ❤
76.6%
Guitarist's plectrumPICK
76.3%
NuisancePEST
75.5%
Historian's interestPAST
72.2%
Conform to a curveBEND
66.3%
Mutual agreementPACT
65.9%
Claw apartREND
64.4%
Ancient ScotPICT
59.9%
Courtney Love's bandHOLE
57.5%
Certificate of valueBOND
46.5%
PortendBODE
31%
❤ COMMON BOND ❤❤ HOME ❤
30.9%
Lacking meatBONY
30.9%
❤ Main part ❤❤ BODY ❤
26.8%

Today's Daily Dose

Missing Word
1974 Movies A-Z

Word Ladder
The White Album

Quick Pick
Gods of War

On This Day
February 22nd II

You're not logged in!

Compare scores with friends on all Sporcle quizzes.
Sign Up with Email
OR
Log In

You Might Also Like...

Show Comments

Extras

Top Quizzes Today


Score Distribution

Your Account Isn't Verified!

In order to create a playlist on Sporcle, you need to verify the email address you used during registration. Go to your Sporcle Settings to finish the process.